Božská komédia 1 Peklo

Bibliographic Details
Main Author: Dante Alighieri, 1265-1321 (Author)
Other Authors: Žarnov, Andrej, 1903-1982 (Translator), Pažitka, Mikuláš, 1918-2004 (Translator)
Format: Book
Language:Slovak
PhysicalDescription:196 s. 21 cm
Published: Cambridge Dobrá kniha 1978
ISBN:0920150128
Edition:1. vyd.
Subjects:

MARC

LEADER 00000nam a2200000 a 4500
001 vtls001178495
003 SK-MaSNL
005 20260301151626.0
008 240315s1978 xxc g 0000p slo
015 |a SNBZSA1991 
020 |a 0920150128  |q (brož.) 
035 |a SNK000121497 
040 |a SNK  |b slo  |c SNK  |e AACR2 
041 0 |a slo 
044 |a xxc  |c CA 
072 7 |a 821.131.1-1  |x Talianska poézia  |2 konspekt 
080 |a 821.131.1-1  |2 2011 
100 0 |a Dante Alighieri,  |d 1265-1321  |4 aut  |9 161417 
245 1 0 |a Božská komédia  |n 1  |p Peklo  |c Dante Alighieri ; preložili Andrej Žarnov, Mikuláš Pažitka ; [obálka Tibor Kovalik] 
246 3 3 |a Peklo 
250 |a 1. vyd. 
260 |a Cambridge  |b Dobrá kniha  |c 1978 
300 |a 196 s.  |c 21 cm 
366 |e 1000 výt. 
655 7 |a talianska poézia  |2 SNKPH  |9 70651 
655 7 |a Italian poetry  |2 SNKPHeng  |9 286976 
700 1 |a Žarnov, Andrej,  |d 1903-1982  |4 trl  |9 112087 
700 1 |a Kovalik, Tibor,  |d 1935-2019  |4 bkd  |9 38467 
700 1 |a Pažitka, Mikuláš,  |d 1918-2004  |4 trl  |9 113522 
919 |a 0-920150-12-8 
958 |a LX 
958 |a ZS 
958 |a UP 
958 |a OND 
999 |c 787136  |d 789066 
952 |t P60, <05>, [BOOK], {605}  |a SNK  |b SNK  |y PREZ  |7 0  |p 17A0051721  |o snkSC 42024 D2  |0 0  |1 0  |4 0  |d 1997-02-28  |l 0  |r 2005-01-01 00:00:00  |w 2026-02-24 
952 |t P60, <05>, [BOOK], {605}  |a SNK  |b SNK  |y PREZ  |7 0  |p 17A0087478  |o snkSC 42024 D1  |0 0  |1 0  |4 0  |d 1997-08-01  |l 0  |r 2005-01-01 00:00:00  |w 2026-02-24 
952 |a SNK  |b SNK  |y PREZ  |7 0  |p 17A0980950  |o snkSC 42024   |0 0  |1 0  |4 0  |d 2013-08-16  |l 0  |r 2025-10-17 00:00:00  |w 2026-02-24